[Event "Druga liga Srbije grupa Vojvodina 2012"]
[Site "Kac"]
[Date "2012.10.14"]
[Round "1.5"]
[White "Besedes, Danilo"]
[Black "Roganovic, Nebojsa"]
[Result "1/2-1/2"]
[WhiteElo "1845"]
[BlackElo "2204"]
[PlyCount "96"]
[EventDate "2012.10.14"]

1. d4 d5 2. c4 c6 3. Nf3 Nf6 4. Nc3 g6 5. Bf4 Bg7 6. h3 O-O 7. e3 Nbd7 8. Be2
e6 9. O-O Re8 10. Rc1 Nh5 11. Bh2 f5 12. b4 a6 13. a4 Nhf6 14. Ne5 Nxe5 15.
Bxe5 Bd7 16. a5 dxc4 17. Bxc4 Qe7 18. Qb3 Bf8 19. Bxf6 Qxf6 20. Na4 Rad8 21.
Nc5 Bc8 22. Rcd1 Kh8 23. Nd3 Bd6 24. Qb2 g5 25. e4 fxe4 26. Ne5 Qf8 27. d5 Bxe5
28. Qxe5+ Qg7 29. Qxg7+ Kxg7 30. dxc6 bxc6 31. Rfe1 e3 32. fxe3 Kf6 33. Kf2 Ke7
34. Ke2 Rf8 35. Rd4 Rxd4 36. exd4 Rf4 37. Ke3 Kd6 38. g3 Rf5 39. Rf1 h6 40. Bd3
Rxf1 41. Bxf1 e5 42. dxe5+ Kxe5 43. Bg2 Bb7 44. Be4 Ba8 45. Bd3 Bb7 46. Bc4 Bc8
47. h4 gxh4 48. gxh4 Bb7 1/2-1/2

[Event "Druga liga Srbije grupa Vojvodina 2012"]
[Site "Kac"]
[Date "2012.10.14"]
[Round "1.6"]
[White "Onjin, Branko"]
[Black "Dumpor, Atif"]
[Result "0-1"]
[WhiteElo "2005"]
[BlackElo "2359"]
[PlyCount "62"]
[EventDate "2012.10.14"]

1. c4 e5 2. Nc3 Nc6 3. Nf3 f5 4. d4 e4 5. Ng5 Nf6 6. g3 Be7 7. Bg2 O-O 8. O-O
d5 9. cxd5 Nxd5 10. Nh3 Kh8 11. a3 Be6 12. Nxd5 Bxd5 13. Nf4 a5 14. Nxd5 Qxd5
15. e3 a4 16. Bd2 Na5 17. Bxa5 Qxa5 18. Rc1 Bd6 19. Rc2 b5 20. f3 exf3 21. Bxf3
Rae8 22. Qd3 b4 23. axb4 Qxb4 24. Bc6 Rb8 25. Re2 g6 26. e4 fxe4 27. Rxf8+ Rxf8
28. Bxe4 Kg7 29. Bc6 Rd8 30. Kg2 Bc5 31. d5 Rf8 0-1

[Event "Druga liga Srbije grupa Vojvodina 2012"]
[Site "Kac"]
[Date "2012.10.14"]
[Round "1.6"]
[White "Ratkovic, Milovan"]
[Black "Ilic, Aleksandar"]
[Result "1-0"]
[WhiteElo "2272"]
[BlackElo "2110"]
[PlyCount "67"]
[EventDate "2012.10.14"]

1. d4 Nf6 2. c4 e5 3. dxe5 Ng4 4. Nf3 Bc5 5. e3 Qe7 6. Nc3 c6 7. Be2 Nxe5 8.
O-O O-O 9. a3 a5 10. b3 Ng4 11. h3 Nf6 12. Bb2 d6 13. Qd3 Na6 14. Ng5 Re8 15.
Bh5 g6 16. Be2 h6 17. Nf3 Bf5 18. Qd2 Kh7 19. Bd3 Bxd3 20. Qxd3 Ba7 21. Rad1
Rad8 22. Ne2 Nc5 23. Qd4 Kg7 24. Ng3 b5 25. Qg4 Kh7 26. Qf4 Nce4 27. Nxe4 Nxe4
28. cxb5 cxb5 29. Rd5 Nxf2 30. Nd4 Nxh3+ 31. gxh3 f5 32. Rxf5 gxf5 33. Qxf5+
Kg8 34. Qd5+ 1-0

[Event "Druga liga Srbije grupa Vojvodina 2012"]
[Site "Kac"]
[Date "2012.10.14"]
[Round "1.6"]
[White "Pezelj, Novak"]
[Black "Orlov, Konstantin"]
[Result "1-0"]
[WhiteElo "2310"]
[BlackElo "2247"]
[PlyCount "105"]
[EventDate "2012.10.14"]

1. e4 c5 2. Nf3 d6 3. c3 Nf6 4. h3 g6 5. Bd3 Bg7 6. O-O O-O 7. Bc2 Nc6 8. d4
cxd4 9. cxd4 d5 10. e5 Ne4 11. Nbd2 Nxd2 12. Bxd2 Bd7 13. Re1 Rc8 14. Bb3 Bf5
15. Rc1 Qb6 16. Bc3 Rfd8 17. Qd2 a5 18. Nh4 Be6 19. Ba4 Qa6 20. Bxc6 Rxc6 21.
Bxa5 Ra8 22. Rxc6 Qxc6 23. a3 Rc8 24. Bc3 Qc4 25. Qe3 Qb3 26. f4 Bh6 27. Qf3
Qc2 28. Rf1 Rc4 29. Kh2 b5 30. Rf2 Qe4 31. Qxe4 dxe4 32. g3 Bd5 33. Ng2 e6 34.
Ne3 Rc8 35. Bb4 Bb3 36. Bc5 Bf8 37. Rf1 Bxc5 38. Rc1 Bc4 39. dxc5 Bd3 40. Kg2
Kf8 41. Kf2 Ke7 42. Ng4 b4 43. axb4 Rb8 44. c6 Ra8 45. c7 Ba6 46. Ra1 Kd7 47.
b5 Bb7 48. Rxa8 Bxa8 49. b6 Bb7 50. Nf6+ Kc6 51. Nxh7 Kxb6 52. Ng5 Kxc7 53.
Nxf7 1-0

[Event "Druga liga Srbije grupa Vojvodina 2012"]
[Site "Kac"]
[Date "2012.10.14"]
[Round "1.6"]
[White "Ratkovic, Miloje"]
[Black "Blagojevic, Srdjan"]
[Result "1-0"]
[WhiteElo "2202"]
[BlackElo "2148"]
[PlyCount "109"]
[EventDate "2012.10.14"]

1. d4 b5 2. e4 Bb7 3. Nd2 a6 4. Ngf3 e6 5. Bd3 c5 6. c3 Nf6 7. O-O Qb6 8. Qe2
cxd4 9. Nxd4 Nc6 10. N2f3 Bc5 11. Nb3 Be7 12. Be3 Qc7 13. h3 d5 14. exd5 Nxd5
15. Be4 Nf6 16. Nfd2 Nxe4 17. Nxe4 O-O 18. Nbc5 Bc8 19. b4 e5 20. a4 bxa4 21.
Nxa4 f5 22. Bb6 Qd7 23. Nec5 Qd5 24. Rfd1 Qf7 25. Nd7 Bxd7 26. Rxd7 Qe6 27. Qa2
Qxa2 28. Rxa2 Bf6 29. Bc5 Rfd8 30. Nb6 Rxd7 31. Nxd7 a5 32. b5 Nd8 33. Bb6 Nb7
34. c4 Nd6 35. Bc7 Nxc4 36. b6 Nxb6 37. Nxb6 Ra7 38. Nd5 a4 39. Bd6 Bd8 40. Nc3
e4 41. Rxa4 Rd7 42. Be5 Kf7 43. Ra6 Be7 44. Rc6 Rd2 45. g3 Rd3 46. Ne2 g6 47.
h4 Rd5 48. Bf4 Bf6 49. Rc7+ Kg8 50. Kg2 Rb5 51. Nc3 Rb2 52. Nd5 Bd4 53. Be3 Be5
54. Re7 Bg7 55. Rxg7+ 1-0

[Event "Druga liga Srbije grupa Vojvodina 2012"]
[Site "Kac"]
[Date "2012.10.14"]
[Round "1.6"]
[White "Banovic, Ivan"]
[Black "Kostic, Branimir"]
[Result "1-0"]
[WhiteElo "2148"]
[BlackElo "2234"]
[PlyCount "69"]
[EventDate "2012.10.14"]

1. d4 Nf6 2. c4 e6 3. Nc3 d5 4. Nf3 c6 5. cxd5 exd5 6. Qc2 Be7 7. Bg5 Nbd7 8.
e3 O-O 9. Bd3 Re8 10. O-O Nf8 11. Rab1 a5 12. a3 Ne4 13. Bxe7 Qxe7 14. Bxe4
dxe4 15. Nd2 Bf5 16. b4 axb4 17. axb4 Rad8 18. Rfc1 Rd6 19. Ne2 Bd7 20. Qc5 Ne6
21. Qa7 Bc8 22. Nxe4 Nxd4 23. Nxd6 Nxe2+ 24. Kf1 Qxd6 25. Kxe2 Qxh2 26. Rg1
Bg4+ 27. f3 Bxf3+ 28. Kxf3 Qh5+ 29. g4 Qd5+ 30. Kg3 Qd3 31. Rbe1 Qd6+ 32. Kh3
Qxb4 33. Qd4 Qe7 34. Rg2 Rd8 35. Qf4 1-0

[Event "Druga liga Srbije grupa Vojvodina 2012"]
[Site "Kac"]
[Date "2012.10.14"]
[Round "1.6"]
[White "Milojevic, Dusan"]
[Black "Matic, Radovan"]
[Result "1-0"]
[WhiteElo "2188"]
[BlackElo "2159"]
[PlyCount "79"]
[EventDate "2012.10.14"]

1. e4 e6 2. d4 d5 3. c4 dxe4 4. Nc3 f5 5. f3 exf3 6. Nxf3 Nf6 7. Bf4 Bb4 8. Qb3
Qe7 9. O-O-O Bxc3 10. Qxc3 Ne4 11. Qe3 O-O 12. Bd3 Qf7 13. Rhf1 Nc6 14. a3 h6
15. Ne5 Nxe5 16. Bxe5 Nf6 17. h3 Bd7 18. g4 Rac8 19. g5 hxg5 20. Qxg5 b5 21.
Rg1 c5 22. d5 exd5 23. cxd5 Ne8 24. Be2 Nf6 25. Bh5 Nxh5 26. Qxh5 Be8 27. Qg5
g6 28. Qf4 Qd7 29. Rg3 b4 30. Rdg1 Qh7 31. h4 bxa3 32. Rxa3 Rf7 33. Rag3 Rf8
34. h5 Qxh5 35. R3g2 Rf7 36. Rxg6+ Kf8 37. Bd6+ Re7 38. Rg8+ Kf7 39. R1g7+ Kf6
40. Bxe7# 1-0

[Event "Druga liga Srbije grupa Vojvodina 2012"]
[Site "Kac"]
[Date "2012.10.17"]
[Round "6.1"]
[White "Kosic, Dragan"]
[Black "Galyas, Miklos"]
[Result "1-0"]
[WhiteElo "2509"]
[BlackElo "2423"]
[PlyCount "113"]
[EventDate "2012.10.14"]

1. d4 e6 2. Nf3 d5 3. c4 Nf6 4. Nc3 Be7 5. Bf4 O-O 6. e3 Nbd7 7. Be2 dxc4 8.
Bxc4 Nb6 9. Bd3 Nbd5 10. Bg3 Nxc3 11. bxc3 b6 12. e4 Bb7 13. Qe2 c5 14. O-O Rc8
15. Be5 cxd4 16. cxd4 Qd7 17. a4 Qc6 18. Nd2 Rfd8 19. a5 Nd7 20. Bf4 Nf6 21.
axb6 axb6 22. Bb5 Qc2 23. Ra7 Bxe4 24. Nxe4 Qxe2 25. Bxe2 Rxd4 26. Nxf6+ Bxf6
27. Be3 Rd6 28. Rb7 g6 29. Rxb6 Rxb6 30. Bxb6 Kg7 31. g3 h5 32. h4 Rc2 33. Bf3
Be7 34. Bd4+ Bf6 35. Be3 Be7 36. Be4 Rc4 37. Bd3 Rc7 38. Rb1 Bc5 39. Bf4 Rd7
40. Be4 Bd4 41. Rb5 Ra7 42. Rb4 e5 43. Be3 Bxe3 44. fxe3 Ra1+ 45. Bb1 f5 46.
Kf2 Ra3 47. Ke2 Ra6 48. Rb2 Kf6 49. Bd3 Rc6 50. e4 f4 51. gxf4 exf4 52. Rb5 Rc1
53. Rg5 Rh1 54. e5+ Ke7 55. Bxg6 Rxh4 56. Bxh5 Rh3 57. Bf3 1-0

[Event "Druga liga Srbije grupa Vojvodina 2012"]
[Site "Kac"]
[Date "2012.10.17"]
[Round "6.1"]
[White "Somborski, Nebojsa"]
[Black "Laketic, Gojko"]
[Result "1/2-1/2"]
[WhiteElo "2342"]
[BlackElo "2435"]
[PlyCount "72"]
[EventDate "2012.10.14"]

1. e4 d6 2. d4 Nf6 3. Nc3 e5 4. Nf3 Nbd7 5. Bc4 Be7 6. O-O O-O 7. a4 a5 8. Re1
c6 9. h3 Nb6 10. Ba2 Nfd7 11. Be3 exd4 12. Bxd4 Nc5 13. Bxc5 dxc5 14. Qxd8 Rxd8
15. Rad1 Rxd1 16. Rxd1 Bd7 17. Ne5 Be8 18. f4 Bf6 19. Kf2 Bxe5 20. fxe5 Bd7 21.
Rd6 Kf8 22. Nd5 cxd5 23. Rxb6 dxe4 24. Rxb7 Rd8 25. Ke3 Be8 26. Ra7 Rb8 27. Bb3
Rb4 28. Rc7 Bxa4 29. Bxa4 Rxa4 30. Rxc5 Rb4 31. b3 a4 32. bxa4 Rxa4 33. Rc7 h5
34. g3 g5 35. h4 gxh4 36. gxh4 Rb4 1/2-1/2

[Event "Druga liga Srbije grupa Vojvodina 2012"]
[Site "Kac"]
[Date "2012.10.17"]
[Round "6.1"]
[White "Kosanovic, Goran A"]
[Black "Vlahovic, Bogdan"]
[Result "1/2-1/2"]
[WhiteElo "2363"]
[BlackElo "2340"]
[PlyCount "26"]
[EventDate "2012.10.14"]

1. d4 f5 2. Nc3 d5 3. Bf4 c6 4. e3 Nf6 5. Bd3 e6 6. Nf3 Bd6 7. Ne5 Qe7 8. Bg5
Nbd7 9. f4 Qf8 10. O-O Be7 11. h3 g6 12. Qe1 Qg7 13. Qg3 Nh5 1/2-1/2

[Event "Druga liga Srbije grupa Vojvodina 2012"]
[Site "Kac"]
[Date "2012.10.17"]
[Round "6.1"]
[White "Mijatovic, Dejan"]
[Black "Drazic, Sinisa"]
[Result "0-1"]
[WhiteElo "2271"]
[BlackElo "2511"]
[PlyCount "138"]
[EventDate "2012.10.14"]

1. d4 d6 2. Nf3 g6 3. Bf4 Bg7 4. e3 Nf6 5. h3 O-O 6. c3 c5 7. dxc5 dxc5 8. Qxd8
Rxd8 9. Bc4 Nd5 10. Be5 Nb6 11. Bc7 Re8 12. Bxb6 axb6 13. Nbd2 Bd7 14. O-O b5
15. Bd5 Nc6 16. a3 Red8 17. Nb3 b6 18. Ng5 Be8 19. Bf3 h6 20. Ne4 f5 21. Ned2
Rd6 22. Rad1 Bf7 23. Nb1 Rad8 24. Rxd6 Rxd6 25. Nc1 Ne5 26. Be2 Nc4 27. b4 cxb4
28. axb4 Nd2 29. Nxd2 Rxd2 30. Bxb5 Bxc3 31. Nd3 Rc2 32. Rd1 Kg7 33. Bc6 g5 34.
b5 Kf6 35. g3 Bc4 36. Ne1 Bxe1 37. Rxe1 Rb2 38. Rc1 Bxb5 39. Bxb5 Rxb5 40. Rc6+
e6 41. f4 Rb2 42. Rc7 Re2 43. Rc3 Rd2 44. Rc6 b5 45. Rb6 Rb2 46. Rb7 b4 47. Rh7
b3 48. Rb7 h5 49. h4 gxh4 50. gxh4 Kg6 51. Kh1 Rb1+ 52. Kg2 Kf6 53. Kh2 b2 54.
Kg2 Re1 55. Rxb2 Rxe3 56. Rb7 Re4 57. Kf3 Re1 58. Ra7 Rh1 59. Kg3 Rg1+ 60. Kf3
Rg4 61. Rb7 Rxh4 62. Rh7 Rh3+ 63. Kg2 Kg6 64. Rh8 Kg7 65. Re8 Re3 66. Re7+ Kg6
67. Re8 h4 68. Rh8 h3+ 69. Kf2 Rc3 0-1

[Event "Druga liga Srbije grupa Vojvodina 2012"]
[Site "Kac"]
[Date "2012.10.17"]
[Round "6.1"]
[White "Tesic, Dragan"]
[Black "Lalic, Dragan"]
[Result "1-0"]
[WhiteElo "2346"]
[BlackElo "2321"]
[PlyCount "105"]
[EventDate "2012.10.14"]

1. d4 d6 2. e4 Nf6 3. Nc3 Nbd7 4. Nf3 e5 5. Bc4 Be7 6. O-O O-O 7. Re1 c6 8. a4
a5 9. b3 exd4 10. Nxd4 Nb6 11. Bd3 d5 12. e5 Ne8 13. Nce2 g6 14. Bh6 Ng7 15.
Nf4 Re8 16. Qf3 c5 17. Bxg7 Kxg7 18. e6 cxd4 19. Nh5+ Kh8 20. Qf4 f6 21. Bxg6
Rg8 22. Bf7 Rg5 23. h4 Rxh5 24. Bxh5 d3 25. cxd3 d4 26. Bf7 Ra6 27. Re4 Nd5 28.
Qh6 Bf8 29. Qh5 Ne7 30. Ree1 Rd6 31. Qf3 Bg7 32. Rac1 b6 33. Re2 Rd5 34. Rec2
h6 35. Rxc8 Nxc8 36. Rxc8 Qxc8 37. Qxd5 Qc1+ 38. Kh2 Qf4+ 39. Kh3 Bf8 40. Qh5
Qxf2 41. Qg6 Qe3+ 42. g3 Bg7 43. Bg8 Kxg8 44. Qf7+ Kh7 45. e7 Qe1 46. e8=Q Qf1+
47. Kg4 Qd1+ 48. Kf4 Qf1+ 49. Ke4 Qg2+ 50. Kf5 Qh3+ 51. g4 Qf3+ 52. Ke6 Qxg4+
53. Kd6 1-0

[Event "Druga liga Srbije grupa Vojvodina 2012"]
[Site "Kac"]
[Date "2012.10.17"]
[Round "6.1"]
[White "Sevo, Dusan"]
[Black "Kovacevic, Dragisa"]
[Result "0-1"]
[WhiteElo "2266"]
[BlackElo "2236"]
[PlyCount "108"]
[EventDate "2012.10.14"]

1. e4 c5 2. Nf3 e6 3. d3 Nc6 4. g3 d5 5. Nbd2 Nf6 6. Bg2 Be7 7. O-O O-O 8. Re1
Qc7 9. c3 dxe4 10. dxe4 Rd8 11. Qc2 b6 12. Nc4 Ba6 13. Bf1 Qb7 14. e5 Nd7 15.
Bg5 Bxc4 16. Bxc4 h6 17. Bxe7 Nxe7 18. Qe2 Nc6 19. Rad1 Qc7 20. Qe4 Nf8 21. Bb5
Ne7 22. h4 Rab8 23. a4 Rd5 24. Bc4 Rdd8 25. Kg2 Nc6 26. Bb5 Ne7 27. h5 Rd5 28.
Bc4 Rdd8 29. Kf1 Rxd1 30. Rxd1 Rd8 31. Rxd8 Qxd8 32. Ke2 Nd5 33. Qd3 Qa8 34.
Nh4 Ne7 35. Qf3 Qb8 36. Qe4 Qc7 37. f4 Qd7 38. Bb5 Qc7 39. Kd2 Qb8 40. Kc2 Qc7
41. g4 Qd8 42. Nf3 Nd5 43. Bd3 Qd7 44. Kb3 Nxf4 45. Bb5 Qd1+ 46. Ka3 Nd5 47.
Bd3 Qc1 48. Bc4 Ne3 49. Be2 Nd1 50. Bxd1 Qxd1 51. Qf4 Nh7 52. Qe4 a5 53. Qa8+
Nf8 54. Qe4 c4 0-1

[Event "Druga liga Srbije grupa Vojvodina 2012"]
[Site "Kac"]
[Date "2012.10.17"]
[Round "6.2"]
[White "Leskur, Dejan"]
[Black "Bodiroga, Predrag"]
[Result "1/2-1/2"]
[WhiteElo "2376"]
[BlackElo "2394"]
[PlyCount "21"]
[EventDate "2012.10.14"]

1. e4 d5 2. exd5 Qxd5 3. Nc3 Qd6 4. d4 Nf6 5. Nf3 c6 6. h3 Bf5 7. Bd3 Bxd3 8.
Qxd3 Nbd7 9. O-O e6 10. Re1 Be7 11. Bg5 1/2-1/2

[Event "Druga liga Srbije grupa Vojvodina 2012"]
[Site "Kac"]
[Date "2012.10.17"]
[Round "6.2"]
[White "Vukic, Radivoj"]
[Black "Dvornic, Mladen"]
[Result "1/2-1/2"]
[WhiteElo "2351"]
[BlackElo "2323"]
[PlyCount "21"]
[EventDate "2012.10.14"]

1. d4 d5 2. c4 e6 3. Nc3 Be7 4. Nf3 Nf6 5. Bg5 h6 6. Bh4 O-O 7. e3 b6 8. cxd5
Nxd5 9. Bxe7 Qxe7 10. Nxd5 exd5 11. Qb3 1/2-1/2

[Event "Druga liga Srbije grupa Vojvodina 2012"]
[Site "Kac"]
[Date "2012.10.17"]
[Round "6.3"]
[White "Stupavski, Zdenko"]
[Black "Dumpor, Atif"]
[Result "1-0"]
[WhiteElo "2407"]
[BlackElo "2359"]
[PlyCount "104"]
[EventDate "2012.10.14"]

1. c4 e5 2. g3 Nc6 3. Bg2 g6 4. Nc3 Bg7 5. e4 d6 6. d3 f5 7. Nge2 Nf6 8. O-O
O-O 9. Nd5 h6 10. h3 Kh7 11. Be3 Be6 12. Qd2 Qd7 13. Kh2 Rf7 14. Rae1 Raf8 15.
exf5 Bxf5 16. Nxf6+ Rxf6 17. b3 a6 18. d4 g5 19. d5 Ne7 20. g4 Bg6 21. Nc3 b6
22. b4 Kg8 23. Ne4 R6f7 24. c5 bxc5 25. bxc5 Rb8 26. Rc1 Kh8 27. Rc4 Bh7 28.
cxd6 cxd6 29. Rfc1 Ng6 30. Rc6 Bf8 31. Qc2 Nh4 32. Bh1 Rb4 33. a3 Rb7 34. Kg3
Ng6 35. Rc8 Nf4 36. Bxf4 gxf4+ 37. Kh2 f3 38. Re1 Qe7 39. Kg3 Kg7 40. Bxf3 Rb5
41. Qd3 Qb7 42. Rc3 Rxd5 43. Qe3 Rd4 44. Ng5 Qe7 45. Nxf7 Qxf7 46. Rd1 Rf4 47.
Rb3 Bc2 48. Rb7 Be7 49. Rd2 Ba4 50. Bd5 Qf6 51. f3 h5 52. Qa7 Rxf3+ 1-0

[Event "Druga liga Srbije grupa Vojvodina 2012"]
[Site "Kac"]
[Date "2012.10.17"]
[Round "6.3"]
[White "Ratkovic, Milovan"]
[Black "Marjanovic, Dejan"]
[Result "1-0"]
[WhiteElo "2272"]
[BlackElo "2219"]
[PlyCount "95"]
[EventDate "2012.10.14"]

1. d4 Nf6 2. c4 g6 3. Nc3 Bg7 4. e4 d6 5. f3 O-O 6. Be3 Nc6 7. Nge2 a6 8. Qd2
Bd7 9. g4 b5 10. h4 e5 11. d5 Na5 12. Ng3 c6 13. h5 Qe7 14. Qh2 Bh8 15. Bh6
Rfc8 16. Nf5 Bxf5 17. gxf5 Bg7 18. hxg6 fxg6 19. fxg6 hxg6 20. Bh3 cxd5 21.
Bxg7 Kxg7 22. Bxc8 Rxc8 23. Qh6+ Kf7 24. Rg1 Rg8 25. Nxd5 Nxd5 26. cxd5 Qf6 27.
Qg5 Rc8 28. Qxf6+ Kxf6 29. Rg2 b4 30. Kd2 b3 31. Kd3 bxa2 32. Rxa2 Nb3 33. Ra3
Nc5+ 34. Ke3 Rb8 35. Rc2 Rb6 36. Kf2 Kg5 37. Kg3 Rb5 38. Rxc5 dxc5 39. Rxa6
Rxb2 40. Re6 Rb3 41. Rxe5+ Kf6 42. Re6+ Kg5 43. Rc6 Rc3 44. e5 c4 45. d6 Rd3
46. e6 Kf6 47. e7 Re3 48. Rc8 1-0

[Event "Druga liga Srbije grupa Vojvodina 2012"]
[Site "Kac"]
[Date "2012.10.17"]
[Round "6.3"]
[White "Pezelj, Sinisa"]
[Black "Orlov, Konstantin"]
[Result "0-1"]
[WhiteElo "2170"]
[BlackElo "2247"]
[PlyCount "77"]
[EventDate "2012.10.14"]

1. e4 c5 2. Nf3 d6 3. Bc4 Nf6 4. Nc3 e6 5. d4 cxd4 6. Nxd4 Be7 7. O-O Nc6 8.
Be3 O-O 9. f3 Qc7 10. Qe2 a6 11. a4 Nb4 12. Na2 d5 13. Nxb4 Bxb4 14. Bd3 Bd6
15. g3 e5 16. Nb3 Be6 17. Bg5 Nd7 18. exd5 Bh3 19. Rfd1 f5 20. Qf2 e4 21. Bf1
Bxf1 22. Rxf1 Ne5 23. Nd4 Bc5 24. Be3 Bxd4 25. Bxd4 Nxf3+ 26. Kh1 Qc4 27. Rad1
Rfd8 28. Be3 Rxd5 29. b3 Qc6 30. c4 Rd7 31. Rxd7 Qxd7 32. a5 Qd3 33. b4 Rc8 34.
c5 Qb3 35. Rc1 Rd8 36. Kg2 Rd3 37. Bf4 Nd4 38. Be5 e3 39. Qf3 0-1

[Event "Druga liga Srbije grupa Vojvodina 2012"]
[Site "Kac"]
[Date "2012.10.17"]
[Round "6.3"]
[White "Ratkovic, Miloje"]
[Black "Zobenica, Ivan"]
[Result "0-1"]
[WhiteElo "2202"]
[BlackElo "2042"]
[PlyCount "66"]
[EventDate "2012.10.14"]

1. d4 d6 2. e4 c6 3. c4 Nf6 4. f3 Nbd7 5. Nc3 e5 6. d5 Be7 7. Be3 O-O 8. Qd2 a6
9. O-O-O Ne8 10. Kb1 c5 11. h4 Qa5 12. g4 Nc7 13. h5 b5 14. g5 b4 15. Nce2 Nb6
16. Ng3 Na4 17. g6 Nc3+ 18. bxc3 bxc3 19. Qc1 Rb8+ 20. Kc2 Qxa2+ 21. Kd3 Rb4
22. gxh7+ Kxh7 23. Qxc3 Rb3 24. N1e2 Nb5 25. cxb5 axb5 26. Qxb3 c4+ 27. Kc3
Qxb3+ 28. Kd2 Qd3+ 29. Ke1 Qxe3 30. Rc1 Bd8 31. Bg2 Ba5+ 32. Kf1 Bb6 33. Ke1
Qf2+ 0-1

[Event "Druga liga Srbije grupa Vojvodina 2012"]
[Site "Kac"]
[Date "2012.10.17"]
[Round "6.3"]
[White "Indjic, Stefan"]
[Black "Kostic, Branimir"]
[Result "1-0"]
[WhiteElo "2066"]
[BlackElo "2234"]
[PlyCount "109"]
[EventDate "2012.10.14"]

1. e4 c5 2. Nf3 Nc6 3. Bb5 g6 4. O-O Bg7 5. Re1 e5 6. c3 Nge7 7. h3 O-O 8. d3
a6 9. Ba4 b5 10. Bb3 Bb7 11. a4 Qb6 12. Nbd2 Rad8 13. Qe2 h6 14. axb5 axb5 15.
Nf1 Kh7 16. Ne3 d6 17. Nd5 Nxd5 18. Bxd5 Ne7 19. Bxb7 Qxb7 20. d4 exd4 21. cxd4
Nc6 22. dxc5 dxc5 23. e5 Rfe8 24. Bf4 Rd5 25. Qe4 Qd7 26. Ra6 Re6 27. h4 Nd4
28. Ra7 Qxa7 29. Qxd5 Nxf3+ 30. Qxf3 Qc7 31. Qd5 Qc6 32. Rd1 Qxd5 33. Rxd5 g5
34. hxg5 hxg5 35. Bg3 Bf8 36. Kf1 Kg6 37. Ke2 Kf5 38. Kd3 Rc6 39. e6+ Kxe6 40.
Rxg5 f6 41. Rg4 c4+ 42. Kc2 b4 43. Re4+ Kd5 44. Re8 Bc5 45. Rd8+ Ke6 46. Re8+
Be7 47. f3 Kd7 48. Rb8 Bc5 49. Rb7+ Ke6 50. Rb8 Kd5 51. Rd8+ Bd6 52. Be1 Ke6
53. Re8+ Kf5 54. Re4 b3+ 55. Kc1 $138 1-0

[Event "Druga liga Srbije grupa Vojvodina 2012"]
[Site "Kac"]
[Date "2012.10.17"]
[Round "6.4"]
[White "Indjic, Dusan"]
[Black "Onjin, Branko"]
[Result "1-0"]
[WhiteElo "2287"]
[BlackElo "2005"]
[PlyCount "103"]
[EventDate "2012.10.14"]

1. d4 Nf6 2. Nf3 g6 3. c4 Bg7 4. Nc3 d5 5. cxd5 Nxd5 6. Bd2 O-O 7. e4 Nxc3 8.
Bxc3 c5 9. d5 Bxc3+ 10. bxc3 Bg4 11. Be2 Qa5 12. Qd2 Nd7 13. O-O b5 14. h3 Bxf3
15. Bxf3 Qc7 16. Be2 a6 17. f4 Rfd8 18. Rad1 Nf6 19. Bf3 Rab8 20. Qe3 Rf8 21.
e5 Ne8 22. Rd2 Rd8 23. Rfd1 Kg7 24. d6 exd6 25. exd6 Qa7 26. Rd5 Kh8 27. f5 Qb6
28. d7 Ng7 29. g4 Qa7 30. f6 Ne6 31. Rd6 Qc7 32. R1d5 b4 33. c4 a5 34. Qh6 Rg8
35. Be4 Nf8 36. Qd2 a4 37. g5 a3 38. Bc2 Ne6 39. Qe3 Nd4 40. Rxd4 cxd4 41. Qxd4
Qb7 42. Qd5 Qa7+ 43. c5 Rgf8 44. Bb3 Kg8 45. Qd4 Qb7 46. c6 Qb5 47. Qe3 h6 48.
h4 hxg5 49. hxg5 Qf5 50. Kg2 Qb5 51. Bxf7+ Kh7 52. Bb3 1-0

[Event "Druga liga Srbije grupa Vojvodina 2012"]
[Site "Kac"]
[Date "2012.10.17"]
[Round "6.4"]
[White "Stanojevic, Branko"]
[Black "Pezelj, Novak"]
[Result "0-1"]
[WhiteElo "2312"]
[BlackElo "2310"]
[PlyCount "98"]
[EventDate "2012.10.14"]

1. d4 Nf6 2. c4 e6 3. Nf3 Bb4+ 4. Bd2 Qe7 5. Qa4 Nc6 6. e3 Ne4 7. a3 Nxd2 8.
Nbxd2 Bxd2+ 9. Nxd2 O-O 10. Bd3 d6 11. Qc2 h6 12. O-O-O e5 13. d5 Nb8 14. e4 a5
15. h4 Na6 16. f3 Bd7 17. Kb1 Nc5 18. Rc1 a4 19. Qc3 c6 20. Bc2 Rfb8 21. Rcd1
b5 22. dxc6 Bxc6 23. cxb5 Bxb5 24. Nc4 Bxc4 25. Qxc4 Qb7 26. Qc3 Ra6 27. Ka2
Rc6 28. Rb1 Qa6 29. Qd2 Nb3 30. Qd3 Qa5 31. Rhd1 Nd4 32. Rd2 d5 33. g4 dxe4 34.
fxe4 Rd8 35. Rbd1 Rdc8 36. Bb1 Qa7 37. Qg3 f6 38. Rxd4 exd4 39. g5 fxg5 40.
hxg5 Qf7+ 41. Ka1 Qg6 42. Qd3 Qxg5 43. Qxd4 Rc1 44. Qxa4 Qe5 45. Rd5 Qf6 46.
Qb3 Kh8 47. e5 Qf5 48. Qd3 Qxd3 49. Rxd3 Re1 0-1

[Event "Druga liga Srbije grupa Vojvodina 2012"]
[Site "Kac"]
[Date "2012.10.17"]
[Round "6.4"]
[White "Blagojevic, Srdjan"]
[Black "Kovacevic, Dragan"]
[Result "0-1"]
[WhiteElo "2148"]
[BlackElo "2216"]
[PlyCount "60"]
[EventDate "2012.10.14"]

1. e4 d6 2. d4 Nf6 3. Nc3 c6 4. Bg5 Nbd7 5. Qd2 e5 6. Nf3 Be7 7. Bd3 O-O 8. O-O
Qc7 9. Rfe1 Re8 10. Ne2 a6 11. c3 Nf8 12. Ng3 g6 13. Nh4 Ne6 14. Nf3 Nxg5 15.
Nxg5 b5 16. Bc2 c5 17. d5 Qd8 18. f4 Ng4 19. Nf3 exf4 20. Qxf4 Bf8 21. Ng5 Ne5
22. Nf3 Bg7 23. Rf1 Ra7 24. Ne2 a5 25. Rae1 Ng4 26. Ng5 Be5 27. Qd2 Nxh2 28.
Rxf7 Rxf7 29. Nxf7 Kxf7 30. Qh6 Kg8 0-1

[Event "Druga liga Srbije grupa Vojvodina 2012"]
[Site "Kac"]
[Date "2012.10.17"]
[Round "6.4"]
[White "Okilj, Tigran"]
[Black "Banovic, Ivan"]
[Result "1/2-1/2"]
[WhiteElo "2089"]
[BlackElo "2148"]
[PlyCount "73"]
[EventDate "2012.10.14"]

1. d4 Nf6 2. Bg5 Ne4 3. Bf4 c5 4. f3 Qa5+ 5. c3 Nf6 6. d5 d6 7. e4 Nbd7 8. Nd2
g6 9. Nc4 Qc7 10. a4 Bg7 11. Qd2 Nb6 12. a5 Nxc4 13. Bxc4 Rb8 14. Ne2 Bd7 15.
O-O O-O 16. Ra2 Ra8 17. g4 b5 18. axb6 axb6 19. Rfa1 Rxa2 20. Rxa2 b5 21. Bd3
Qb7 22. b4 c4 23. Bb1 Ra8 24. Be3 Be8 25. h4 Ra6 26. h5 Nd7 27. f4 Nf6 28. hxg6
hxg6 29. g5 Nd7 30. Kf2 Nb6 31. Rc2 Qd7 32. Kg3 e6 33. Rc1 exd5 34. exd5 f5 35.
gxf6 Bxf6 36. Rh1 Bg7 37. Be4 1/2-1/2

[Event "Druga liga Srbije grupa Vojvodina 2012"]
[Site "Kac"]
[Date "2012.10.17"]
[Round "6.4"]
[White "Matic, Radovan"]
[Black "Skoko, Milan"]
[Result "0-1"]
[WhiteElo "2159"]
[BlackElo "2204"]
[PlyCount "100"]
[EventDate "2012.10.14"]

1. e4 c5 2. Nf3 d6 3. Bb5+ Bd7 4. Bxd7+ Qxd7 5. O-O Nc6 6. b3 Nf6 7. Re1 g6 8.
Bb2 Bg7 9. e5 dxe5 10. Nxe5 Nxe5 11. Bxe5 O-O 12. Nc3 Rfd8 13. d3 Rac8 14. Qf3
b6 15. Rad1 Rc6 16. a4 Re6 17. Nb5 a6 18. Na3 b5 19. axb5 axb5 20. c4 bxc4 21.
bxc4 Nh5 22. Bxg7 Nxg7 23. Nc2 Rxe1+ 24. Nxe1 e5 25. Ra1 Ne6 26. Qf6 Qd4 27.
Ra7 Rf8 28. g3 Qc3 29. Nf3 Qxd3 30. Nxe5 Qb1+ 31. Kg2 Qe4+ 32. Kh3 Qf5+ 33.
Qxf5 gxf5 34. Kh4 f4 35. g4 f6 36. Nf3 Rd8 37. Re7 Nf8 38. Kh3 Rd3 39. Kg2 Rc3
40. Nd2 Ng6 41. Re1 Nh4+ 42. Kf1 Kg7 43. Ra1 Kg6 44. Ra6 f3 45. Rxf6+ Kxf6 46.
Ne4+ Ke5 47. Nxc3 Kd4 48. Nd1 Kxc4 49. Ke1 Kd3 50. Ne3 Ng2+ 0-1

[Event "Druga liga Srbije grupa Vojvodina 2012"]
[Site "Kac"]
[Date "2012.10.17"]
[Round "6.5"]
[White "Popov, Stevan"]
[Black "Roganovic, Milos"]
[Result "0-1"]
[WhiteElo "2204"]
[BlackElo "2518"]
[PlyCount "78"]
[EventDate "2012.10.14"]

1. e4 c5 2. Nf3 d6 3. d4 cxd4 4. Qxd4 Bd7 5. Bg5 Nc6 6. Qd2 h6 7. Be3 Nf6 8.
Nc3 e6 9. Be2 Be7 10. O-O O-O 11. Nd4 a6 12. f4 b5 13. a3 Rc8 14. Nxc6 Bxc6 15.
Bf3 Qc7 16. Rae1 a5 17. Bd4 b4 18. axb4 axb4 19. Na2 e5 20. Nxb4 exd4 21. e5
dxe5 22. Nxc6 e4 23. Nxe7+ Qxe7 24. Qxd4 Rfd8 25. Qf2 Qb7 26. Bd1 Qxb2 27. h3
Rd5 28. Qe3 Rc3 29. Qa7 Rd7 30. Qf2 Qa3 31. Bg4 Nxg4 32. hxg4 e3 33. Qf3 Rd2
34. Ra1 Qc5 35. Ra8+ Kh7 36. Qe4+ f5 37. gxf5 e2+ 38. Rf2 e1=Q+ 39. Qxe1 Rcxc2
0-1